The noble scholar, jurist, historian


 His Excellency Dr. Abdul Wahhab bin Ibrahim Abu Sulaiman, may Allah have mercy on him.


 He was born in Umm Al-Qura in the year 1356 AH.

الدعوة الإسلامية في إفريقيا : (Record no. 11662)

MARC details
000 -LEADER
fixed length control field 01368cam a22002891i 4500
003 - CONTROL NUMBER IDENTIFIER
control field SA-RiAUC
005 - DATE AND TIME OF LATEST TRANSACTION
control field 20250913053613.0
008 - FIXED-LENGTH DATA ELEMENTS--GENERAL INFORMATION
fixed length control field 250912s1999 ts f b f000 0 ara c
040 ## - CATALOGING SOURCE
Original cataloging agency JO-IrYU
Language of cataloging ara
Transcribing agency SA-RiAUC
Description conventions rda
043 ## - GEOGRAPHIC AREA CODE
Geographic area code f------
082 04 - DEWEY DECIMAL CLASSIFICATION NUMBER
Classification number 213.96
090 ## - LOCALLY ASSIGNED LC-TYPE CALL NUMBER (OCLC); LOCAL CALL NUMBER (RLIN)
Classification number (OCLC) (R) ; Classification number, CALL (RLIN) (NR) 213.96
Local cutter number (OCLC) ; Book number/undivided call number, CALL (RLIN) م ا ح
100 1# - MAIN ENTRY--PERSONAL NAME
Personal name الماحي، عبد الرحمن عمر،
Dates associated with a name 1937-2013
Relator term مؤلف.
245 12 - TITLE STATEMENT
Title الدعوة الإسلامية في إفريقيا :
Remainder of title الواقع والمستقبل /
Statement of responsibility, etc. تأليف عبد الرحمن عمر الماحي.
250 ## - EDITION STATEMENT
Edition statement الطبعة الأولى.
264 #1 - PRODUCTION, PUBLICATION, DISTRIBUTION, MANUFACTURE, AND COPYRIGHT NOTICE
Place of production, publication, distribution, manufacture الشارقة، الإمارات العربية المتحدة ؛
-- أبو ظبي :
Name of producer, publisher, distributor, manufacturer دائرة الثقافة والإعلام،
Date of production, publication, distribution, manufacture, or copyright notice 1999.
300 ## - PHYSICAL DESCRIPTION
Extent 198 صفحة ؛
Dimensions 24 سم.
336 ## - CONTENT TYPE
Content type term نص
Content type code txt
Source rdacontent
Materials specified كتاب
337 ## - MEDIA TYPE
Media type term بدون وسيط
Media type code n
Source rdamedia
338 ## - CARRIER TYPE
Carrier type term مجلد
Carrier type code nc
Source rdacarrier
490 1# - SERIES STATEMENT
Series statement رسائل جامعية / دائرة الثقافة والإعلام، الشارقة، الإمارات العربية المتحدة ؛
Volume/sequential designation 6
504 ## - BIBLIOGRAPHY, ETC. NOTE
Bibliography, etc. note يشتمل على إرجاعات ببليوجرافية.
650 #7 - SUBJECT ADDED ENTRY--TOPICAL TERM
Topical term or geographic name entry element الدعوة الإسلامية
Geographic subdivision إفريقيا
Source of heading or term aucsh
830 #0 - SERIES ADDED ENTRY--UNIFORM TITLE
Uniform title رسائل جامعية (دائرة الثقافة والإعلام)
Volume/sequential designation 6
942 ## - ADDED ENTRY ELEMENTS (KOHA)
Source of classification or shelving scheme Dewey Decimal Classification
Koha item type Books
Suppress in OPAC No
949 ## - LOCAL PROCESSING INFORMATION (OCLC)
a SA-JeALM
d 250912
u mohamedma123
n 1
Holdings
Withdrawn status Lost status Source of classification or shelving scheme Damaged status Not for loan Home library Current library Date acquired Total checkouts Full call number Barcode Date last seen Price effective from Koha item type
    Dewey Decimal Classification     DR AbdElwahab Library DR AbdElwahab Library 09/13/2025   213.96 م ا ح 000018823 09/13/2025 09/13/2025 Books